000 00779nam a2200205Ii 4500
003 JO-AjNU
008 230605s9999||||xx |||||||||||||| ||und||
017 _a1989/4328
040 _aJO-AjNU
_bara
_erda
_cJO-AjNU
041 _aara
050 1 4 _aKRM3800.J85.1989
100 3 _aالجندى، حسنى أحمد,
_eauthor
_947004
245 0 0 _aالقانون الجنائي للمعاملات التجارية : القانون الجنائي للشركات
264 3 1 _aالقاهرة : مطبعة جامعة القاهرة والكتاب الجامعي ، 1989
300 _a401ص
336 _atext
_btxt
_2rdacontent
337 _aunmediated
_bn
_2rdamedia
338 _avolume
_bnc
_2rdacarrier
650 4 _aقانون جنائي -- قانون تجاري -- مصر
_947005
999 _aA20489
_c24057
_d24057